Algorithmics <The> Spirit of Computing
Saved in:
| Main Author: | |
|---|---|
| Format: | Book |
| Language: | English |
| Published: |
Reading
Addison-Wesley Publ. Co.
1992
|
| Edition: | 2. ed. |
| Subjects: | |
| Tags: |
No Tags, Be the first to tag this record!
|
MARC
| LEADER | 00000nam a2200000 4500 | ||
|---|---|---|---|
| 001 | c003166 | ||
| 005 | 20221206082913.5 | ||
| 020 | |a 0-201-50401-4 | ||
| 041 | 0 | |a eng | |
| 044 | |a DE | ||
| 245 | 1 | 0 | |a Algorithmics |b <The> Spirit of Computing |c David Harel |
| 250 | |a 2. ed. | ||
| 264 | 1 | |a Reading |b Addison-Wesley Publ. Co. |c 1992 | |
| 300 | |a 476 s. | ||
| 610 | 2 | 0 | |a algoritmy |
| 610 | 2 | 0 | |a počítače |
| 610 | 2 | 0 | |a programovanie |
| 100 | 1 | |a Harel, David | |